Geplante Smash Bros. Kämpfer - Statistiken

Allgemein
  • Dieses Quiz wurde 19 mal gespielt
  • Das Durchschnittsergebnis liegt bei 7 aus 47
Antwortstatistiken
Teil Kämpfer % Korrekt
64 (bestätigt) Bowser
64%
Brawl (Datamine) Dr. Mario
57%
64 (bestätigt) König Dedede
50%
64 (bestätigt) Mewtu
50%
Brawl (Datamine) Toon Zelda
50%
Melee Wario
50%
64 (Gerücht) Zelda
50%
Brawl (Datamine) Mewtu
43%
64 (bestätigt) Marth
29%
64 (Gerücht) Pit
29%
Melee Lucas
21%
Brawl (Gerücht) Pac-Man
21%
Melee Sonic
21%
Brawl (Gerücht) Bewohner
14%
Smash 4 (Gerücht) Chrom
14%
Melee Geno
14%
Brawl (Gerücht) Geno
14%
Smash 4 (Bestätigt) Ice Climbers
14%
Brawl (Gerücht) Krystal
14%
Brawl (Gerücht) Little Mac
14%
Ultimate Rex
14%
Melee Solid Snake
14%
Melee Banjo & Kazooie
7%
Brawl (Datamine) Dixie Kong
7%
64 (Gerücht) Mauzi
7%
Brawl (Gerücht) Mii
7%
Ultimate Nia
7%
Brawl (Datamine) Plusle & Minun
7%
Brawl (Datamine) Roy
7%
Ultimate Spring Man
7%
Brawl (Datamine) Toon Sheik
7%
Smash 4 (Anstatt eines Kostüms) Alph
0%
Ultimate Alucard
0%
Melee Ayumi Tachibana
0%
Melee Balloon Fighter
0%
Melee Bubbles
0%
Melee Excitebiker
0%
Smash 4 (gerücht) Heihachi Mishima
0%
Melee James Bond
0%
Ultimate Ninjara
0%
Smash 4 (Bestätigt) Rhythm Heaven Charakter
0%
Ultimate Ribbon Girl
0%
Ultimate Silvarro
0%
Ultimate Slime
0%
Melee Takamaru
0%
Smash 4 (Gerücht) Takamaru
0%
Brawl (Gerücht) Turtok
0%
Keine übereinstimmenden Quizze gefunden
Verteilung der Resultate
Anzahl Personen mit jedem Resultat
Perzentil nach korrekt beantworteten Fragen
Ihre Resultats-Entwicklung
Sie haben dieses Quiz noch nicht gespielt